000 00448nam a22001577a 4500
020 _a9788120321267
040 _cNust
082 _a658.1554
_bALE
100 _aGordon J. Alexander
_9124930
110 _aWilliam F. Sharp, Jeffery V. Bailey
_9124931
245 _aFundamentals of Investment
250 _a3rd Edition
260 _aNew Delhi:
_bPrentice Hall India,
_c2003.
650 _aFundamentals of Investment
_9122702
942 _2ddc
_cBK
999 _c610702
_d610702